000 00449nam a2200157 4500
001 111078
003 ES-MaACL
005 20230906185233.0
007 t|
008 061121s1971 sp r ||||1| spa d
100 1 _aOjeda Gil, José.
_986614
245 1 0 _aTemas de patología quirúrgica para A.T.S. /
_cJosé Ojeda Gil.
260 _aBarcelona :
_bAugusta,
_c1971.
300 _a339 p. :
_bil. ;
_c22 cm.
852 _aES-MaACL
_jC-40923
_bR.79904
999 _c111078
_d111078